000 00598nam a2200241 a 4500
003 AR-BaBNM
005 20251128202844.0
008 082120s2002 ||||||||||||||000 | spa||
020 _a950-43-2200-X
040 _cAR-BaBNM
100 1 _aTibaudin, Aldo
245 0 0 _aEl mono haragán
260 _aRosario
_bEdiciones Juglaría
_c1988
300 _a71 p.
_bil.
650 4 _aLIBROS PARA NIÑOS
650 4 _aLITERATURA INFANTIL
650 4 _aCUENTOS DE ANIMALES
653 _aPOESIA INFANTIL
653 _aLITERATURA MARAVILLOSA
655 _aLITERATURA
942 _cBK
998 _cMARTIN
999 _c908
_d908